01300 2200373 4500001002100000005001500021035002000036007000300056008004100059020002200100082001500122084001700137100004800154245021200202250003100414300002800445650002500473700003200498700003300530700002700563700003400590700002800624700003300652700003100685264003600716336002100752337003000773338002300803040002200826090002200848850001200870999002200882990002200904INLIS00000000089573920250430012829 a0010-0425000988ta250430s2024 yoi g ind d a978-623-8586-74-504223a370.15 a370.15 SYA p0 aSyailendra Reza Irwansyah RezekiePengarang10aPsikologi dalam kompetensi multidisiplin /cSyailendra Reza Irwansyah Rezeki, Linayati Lestari, Tubagus Pamungkas, Rini Elfina, Yuditia Prameswari, Izura Rochma, Frangky Silitonga; penyunting, Alpino Susanto aCetakan pertama, Juni 2024 ax, 118 halaman ;c23 cm aPsikologi pendidikan0 aLinayati LestariePengarang0 aTubagus PamungkasePengarang0 aRini ElfinaePengarang0 aYuditia PrameswariePengarang0 aIzura RochmaePengarang0 aFrangky SilitongaePengarang0 aAlpino SusantoePenyunting31aSleman :bPenamuda Media,c2024 2rdacontentateks 2rdamediaatanpa perantara 2rdacarrieravolume aYOPDYOGbinderda aCB-D.11 2024-6359 aYOPDYOG aCB-D.11/2024-6359 aCB-D.11/2024-6359